Los problemas mundiales en la escuela

Saved in:
Bibliografiske detaljer
Format: Bog
Sprog:spansk
Udgivet: París Unesco 1982
Serier:Estudios y documentos de educación, 41
Fag:
Tags: Tilføj Tag
Ingen Tags, Vær først til at tagge denne postø!

MARC

LEADER 00000nam a2200000 a 4500
001 UCW4287
003 CL-VaPUC
008 891129e19820000FR |||||||||||||||||spa|d
082 0 4 |a 341.23  |b PRO  |2 21 
245 1 4 |a Los problemas mundiales en la escuela 
300 |a 69 p 
942 |c BK 
945 |d 19891129 00:00:00 
260 |a París  |b Unesco  |c 1982 
650 7 |a NACIONES UNIDAS  |2 CL-VaPUC  |9 308939 
583 |a last modification  |c 19891129 00:00:00  |k Rodrigo Vera 
490 0 |a Estudios y documentos de educación, 41 
999 |c 218059  |d 218057 
952 |0 0  |1 0  |4 0  |6 341_230000000000000_PRO_1982  |7 0  |8 P  |9 206915  |a BIBEDU  |b BIBEDU  |c BIBEDU_PB  |d 2019-11-15  |i 2747162  |o 341.23 PRO 1982  |p 2747162  |r 2024-01-25  |w 2019-11-15  |y BK  |k EDU 
952 |0 0  |1 0  |4 0  |6 341_230000000000000_PRO_1982  |7 0  |8 P  |9 206916  |a BIBEDU  |b BIBEDU  |c BIBEDU_PB  |d 2019-11-15  |i 163061K  |o 341.23 PRO 1982  |p 163061K  |r 2024-01-25  |w 2019-11-15  |y BK  |k EDU